000 00711nam a2200205 i 4500
001 100031
003 ES-MaACL
005 20250915063041.0
007 t|
008 050921s1980 sp ||||1| spa d
100 1 _aMartínez Val, José María,
_d1916-
_978455
245 1 0 _aDemocracia y partitocracia
_b: la constitucionalización de los partidos políticos /
_cJosé María Martínez Val.
260 _aValencia :
_b[s.n.],
_c1980 (
_fTip. Quiles)
300 _a31 p. ;
_c24 cm.
500 _aEs tirada aparte de "Revista General de Derecho", 1980.
650 7 _aDemocracia
_2embne
_911574
650 0 4 _aPartidos políticos.
_915858
852 _aES-MaACL
_j2318-F-24
_bR.102519
999 _c100031
_d100031